Os brinquedos da Joana (Registo nº 1696)

Detalhes MARC
000 -Etiqueta do registo
Cabeçalho 00951nam a22003251 4500
005 - Identificador da versão
Campo de controlo 20240813121914.0
095 ## -
-- PTBN00792272
010 ## - Número internacional normalizado dos livros (ISBN)
Número (ISBN) 9726491428
021 ## - Número do Depósito Legal
Código do país PT
Número 30122/89
100 ## - Dados gerais de processamento
Dados gerais de processamento 19940930d1989 b y0pory5003 ba
102 ## - Pais de publicação ou produção
País de publicação Portugal
101 1# - Língua de publicação
Língua do texto, banda sonora, etc. Português
Língua do documento no original Inglês
106 ## - Campo de dados codificados: material textual
Dados codificados do material textual r
105 ## - Campo de dados codificados: livros
Dados codificados dos livros a z 000yy
215 ## - Descrição física 
Indicação específica da natureza do documento e extensão da espécie 32, [1] p.
Outras indicações físicas todo il.
Dimensões 21 cm
200 1# - Titulo e menção de responsabilidade
Título próprio Os brinquedos da Joana
Primeira menção de responsabilidade Helen Arnold
Outras menções de responsabilidade il. Tony Kenyon, Frances Thatcher
-- adapt. Natércia Rocha
225 2# - Colecção 
Título próprio da colecção Aprender
Nome de uma parte ou secção Nível 1
210 ## - Publicação, Distribuição, etc. 
Lugar da edição, distribuição, etc. Porto
Nome do editor, distribuidor, etc. Desabrochar
Data da publicação, distribuição, etc. 1989
606 ## - Nome comum usado como assunto
Número de registo de entrada de autoridade 0000006
Palavra de ordem Literatura estrangeira infantil
Número de registo de entrada de autoridade 0000007
Palavra de ordem Aprendizagem
675 ## - Classificação Decimal Universal (CDU)
Notação 82
Edição
Língua da edição por
702 #1 - Nome de autor-pessoa física (responsabilidade secundária)
Número de registo de entrada de autoridade 0000162
Palavra de ordem Kenyon
Outra parte do nome não tomada para palavra de ordem Tony
Código de função Ilustrador / Técnico de desenho computorizado
Número de registo de entrada de autoridade 0000163
Palavra de ordem Thatcher
Outra parte do nome não tomada para palavra de ordem Frances
Código de função Ilustrador / Técnico de desenho computorizado
Número de registo de entrada de autoridade 0000164
Palavra de ordem Rocha
Outra parte do nome não tomada para palavra de ordem Natércia
Código de função Adaptador
700 #1 - Nome de autor-pessoa física (responsabilidade principal)
Número de registo de entrada de autoridade 0000161
Palavra de ordem Arnold
Outra parte do nome não tomada para palavra de ordem Helen
942 ## - Elementos de entrada adicionados (Koha)
Tipo de item no Koha Livro
Exemplares
Situação do levantamento Origin of item (home branch) (coded) Biblioteca de empréstimo Código de barras Cota Circulation type (not for loan) Tipo de documento Nota do exemplar Damaged status
  Biblioteca Escolar da Coca Maravilhas Biblioteca Escolar da Coca Maravilhas BECM2047/94 8EST ARN   Livro Sem mensagem